Countries I've visited - Statistics

General Stats
  • This quiz has been taken 21 times
  • The average score is 12 of 19
Answers on the Map
Answers color-coded by a green-red scale on the quiz's map according to % correct below.
 
Answer Stats
Country % Correct
France
94%
Spain
89%
United Kingdom
89%
United States
83%
Italy
78%
Netherlands
78%
Portugal
78%
Germany
72%
Greece
72%
Sweden
67%
Austria
61%
Hungary
61%
Czech Republic
56%
Switzerland
50%
Australia
44%
Slovenia
44%
New Zealand
33%
Vatican City
33%
Fiji
11%
No matching quizzes found
Score Distribution
Percent of People with Each Score
Percentile by Number Answered
Your Score History
You have not taken this quiz